| 000 | 01866nam a22002897a 4500 | ||
|---|---|---|---|
| 001 | 1530 | ||
| 003 | FISKH | ||
| 005 | 20250527162758.0 | ||
| 008 | 230904b cb ||||| |||| 00| 0 khr d | ||
| 020 | _a9789995054601 | ||
| 040 |
_aFISKH _beng _cFISKH _dFISKH |
||
| 082 | _a613.04 | ||
| 100 |
_aHeng, Mao _cDr. |
||
| 245 |
_aខ្លួនមនុស្ស និង សុខភាព / _bតើខ្លួនមនុស្សមានដំណើរការដូចម្ដេច? : _cនិពន្ធដោយ វេជ្ជបណ្ឌិត ម៉ៅ ហេង |
||
| 250 | _aបោះពុម្ពលើកទី ១៣ ខែវិច្ឋិកា ឆ្នាំ ២០២១ | ||
| 260 |
_aPhnom Penh : _bSipar, _c2022. |
||
| 300 |
_a44 pages : _bcolor illustrations ; _c20 cm |
||
| 490 | _aខ្ញុំចង់ដឹង | ||
| 505 | _aZ' | ||
| 520 | _aរាងកាយមនុស្ស និងសុខភាពណែនាំអ្នកអានជាទូទៅអំពីការលូតលាស់នៃរាងកាយតាំងពីកំណើតដល់មនុស្សចាស់។ ជាងនេះទៅទៀត វាផ្តល់នូវចំណេះដឹងបន្ថែមអំពីជីវវិទ្យា និងសរីរវិទ្យានៃរាងកាយ និងសុខភាពរបស់យើង។ | ||
| 520 | _aHuman Body and Health guides readers generally about the growth of body since birth to elderly. Moreover, it provides more knowledge about biology and physiology of our body and health. | ||
| 521 | 8 |
_a1000
_bLexile estimate |
|
| 521 | 8 |
_aZ'
_bRaz-Plus |
|
| 650 |
_aផ្នែកនៃរាងកាយ _vសុខភាព _xដំណើរការ |
||
| 650 |
_aBody part _vHealth _xProcess |
||
| 942 |
_2ddc _cBK _n0 |
||
| 999 |
_c1530 _d1530 |
||